000 00449cam a2200157ua 4500
020 _a0-7131-2844-5
041 _aeng
_h
082 _a581.31
_bHUN/PL
100 _aHunt, Roderick .
245 _aPlant growth curves: The functional approach to plant growth analysis /
_cRoderick Hunt.
_hTextual Documents
260 _aLondon :
_bEdward Arnold Publications Ltd ,
_c1975.
300 _a248 ; .
504 _a
942 _cBK
999 _c7147
_d7147